Irwin Law Child Support Guidelines in Canada (2012 Edition) /

Bibliographic Details
Main Author: D. Payne, Julien
Other Authors: A. Payne, Marilyn
Format: Book
Language:English
Published: Toronto: Irwin Law Inc., 2012
Edition:2012 Edition
Subjects:
Online Access:Acceso restringido

MARC

LEADER 00000nam a22000007a 4500
005 20171102175518.0
007 cr|||| ||||
008 171102s2012 xxc||||| |||| 00||0 eng d
020 |a 978-1-55221-294-3 
035 |a 20648 
040 |a vLex 
090 |c 7189  |d 7189 
100 1 |a D. Payne, Julien 
245 1 0 |a Irwin Law  |h [Recurso electrn̤ico] :  |b Child Support Guidelines in Canada (2012 Edition) /  |c Julien D. Payne; Marilyn A. Payne  
250 |a 2012 Edition 
256 |a Servicio en ln̕ea 
260 |a Toronto:  |b Irwin Law Inc.,  |c 2012  
300 |a 1 recurso electrn̤ico 
506 1 |a Disponible solo en los productos indicados  |d vLex Global  |d vLex Global (Academic Edition, excluding Law Schools)  |d vLex Global (U.S. Academic Edition, Law Schools)  |d vLex Global (U.S. Academic Edition, excluding Law Schools)  |d vLex Global (Academic Edition, Law Schools) 
650 0 4 |a Familia y Sucesiones  |z Canad̀ 
700 1 |a A. Payne, Marilyn 
740 0 |a vLex Libros (Servicio en ln̕ea) 
856 4 0 |u http://vlex.com/source/child-support-guidelines-canada-2012-20648  |z Acceso restringido 
942 |c BOOK 
999 0 |a Domestic relations